| 000 | 01253cam a22003617a 4500 | ||
|---|---|---|---|
| 003 | CHAP | ||
| 005 | 20220329142246.0 | ||
| 008 | 000331d1999 mx a r 00010 spa d | ||
| 010 | _a80664 | ||
| 011 | _a81636 | ||
| 020 | _a9681852850 | ||
| 035 | _a92110 | ||
| 040 | _cCHAP | ||
| 082 | 0 | 4 |
_a664.8 _bV4 1999 |
| 100 | 0 | 0 |
_aValiente Barderas, Antonio. _9117552 |
| 245 | 1 | 0 |
_aProblemas de balance de materia y energía en la industria alimentaria _c/por Antonio Valiente Barderas |
| 250 | _a2 ed. rev. | ||
| 260 |
_aMéxico, D. F. : _bLIMUSA, _c1999. |
||
| 300 |
_a309 p. : _bilus. ; gráfs. |
||
| 590 |
_aBATCH-UPD _b10 _c20130110 _lUCH01 _h0701 |
||
| 590 |
_aBATCH-UPD _b10 _c20130410 _lUCH01 _h0346 |
||
| 590 |
_aBATCH-UPD _b10 _c20130914 _lUCH01 _h0157 |
||
| 590 |
_aCONVERSION _b10 _c20130109 _lUCH01 _h1345 |
||
| 650 | 1 | 4 |
_aAlimentos _xIndustria. _94227 |
| 650 | 1 | 4 |
_aAlimentos _xProcesado. _94267 |
| 650 | 1 | 4 |
_aAlimentos _xTecnología. _94284 |
| 650 | 1 | 4 |
_aEnergía. _936881 |
| 901 | _aBK | ||
| 905 | _aBlanca M. García O. | ||
| 942 | _cLIBRO | ||
| 949 |
_a664.8 V4 1999 _bBC _cLIBRO _d33724000772430 _eLIBRO _gI. 203216 _h97616 _i92110 _si _t$128.00 |
||
| 949 |
_a664.8 V4 1999 _bBC _cLIBRO _d33724000822821 _eLIBRO _fc.2 _gI. 210992 _h99669 _i92110 _si _t$142.50 |
||
| 999 |
_c80664 _d80664 |
||